banner-ar

قانون البحار الجديد والمصالح العربية / (Record no. 29027)

MARC details
000 -الفاتح
حقل البيانات ثابتة الطول 00947nam a2200253Ia 4500
008 - عناصر البيانات ثابتة الطول - معلومات عامة
حقل البيانات ثابتة الطول 140319s9999 xx 000 0 ara d
040 ## - مصدر الفهرسة
وكالة الفهرسة الأصلية GCL /
وكالة النسخ GCL
082 04 - رقم تصنيف ديوى العشرى
رقم التصنيف 341.44
رقم المادة م ق
100 1# - المدخل الرئيسى - إسم شخصى
الإسم الشخصى معهد البحوث والدراسات العربية
245 10 - بيان العنوان
العنوان قانون البحار الجديد والمصالح العربية /
بيان المسئوليه,etc معهد البحوث والدراسات العربية
700 1# - المدخل الاضافى - اسم شخصى
الإسم الشخصى مفيد شهاب
260 ## - PUBLICATION, DISTRIBUTION, ETC. (IMPRINT)
تاريخ النشر أو التوزيع 1977
300 ## - الوصف المادى
التعداد 303 ص
490 ## - بيان السلسلة
عنوان السلسلة
650 04 - المدخل الاضافى بالموضوع-مصطلح موضوعى
مصطلح موضوعي القانون
650 04 - المدخل الاضافى بالموضوع-مصطلح موضوعى
مصطلح موضوعي القانون الدولى
650 04 - المدخل الاضافى بالموضوع-مصطلح موضوعى
مصطلح موضوعي القانون البحرى
650 04 - المدخل الاضافى بالموضوع-مصطلح موضوعى
مصطلح موضوعي القانون الدولى البحرى
650 04 - المدخل الاضافى بالموضوع-مصطلح موضوعى
مصطلح موضوعي المنازعات الدولية
650 04 - المدخل الاضافى بالموضوع-مصطلح موضوعى
مصطلح موضوعي السفن التجارية المسلحة
650 04 - المدخل الاضافى بالموضوع-مصطلح موضوعى
مصطلح موضوعي المياه الاقليمية
942 ## - عناصر المدخل الإضافي( كوها)
مصدر التصنيف او مخطط الترفيف Dewey Decimal Classification
Koha [default] item type كتاب
260 ## - PUBLICATION, DISTRIBUTION, ETC. (IMPRINT)
-- [S.N] :
-- المنظمة الاسلامية للتربية والعلوم والثقافة ،
Holdings
حالة التراجع حالة الفقد حالة تلف ليس للاعارة المكان المؤقت الموقع الحالى تاريخ الاكتساب اجمالي اﻻعارات رقم الطلب الباركود تاريخ اخر مشاهدة تاريخ تفعيل السعر نوع وعاء كوها
        مكتبة القاهرة الكبرى مكتبة القاهرة الكبرى 03/26/2014   341.44\م ق 66285 03/26/2014 03/26/2014 كتاب

Powered By

EGPV